000 00806nam a2200241 i 4500
001 74420
003 ES-MaACL
005 20230906172128.0
007 t|
008 040917s1983 sp ||||1| spa d
020 _a84-85429-33-8
100 1 _aGonzález Herrán, José Manuel.
_958708
245 1 3 _aLa obra de Pereda ante la crítica literaria de su tiempo /
_cJosé Manuel González Herrán.
260 _aSantander :
_bAyuntamiento de Santander, Delegación de Cultura :
_bLibrería Estudio,
_c1983.
300 _a525 p. ;
_c24 cm.
490 1 _aPronillo ;
_v2
500 _aIndices.
504 _aBibliografía.
710 1 _aSantander.
_bAyuntamiento.
_bDelegación de Cultura.
_96499
830 0 _aPronillo ;
_v2
_9184132
852 _aES-MaACL
_jL-10812
_bR.112515
999 _c74420
_d74420